[Event "ROM-ch U14"]
[Site "Calimanesti"]
[Date "2018.03.29"]
[Round "4"]
[White "Nagy Elek, Tamas"]
[Black "Mastalos, Iannis Mihai"]
[Result "0-1"]
[WhiteElo "1599"]
[BlackElo "1718"]
[PlyCount "110"]
[EventDate "2018.03.27"]
[EventType "swiss"]
[EventRounds "9"]
[EventCountry "ROU"]
[SourceTitle "CBM 183 Extra"]
[Source "ChessBase"]
[SourceDate "2018.04.19"]
[SourceVersion "1"]
[SourceVersionDate "2018.04.19"]
[SourceQuality "1"]

1. e4 d5 2. exd5 Qxd5 3. Nc3 Qa5 4. Nf3 Nf6 5. d3 Bg4 6. Be2 e6 7. 0-0 Bb4 8. Bd2 Nc6 9. a3 Bxc3 10. Bxc3 Qb6 11. b4 0-0-0 12. Bd2 Nd4 13. Nxd4 Qxd4 14. Be3 Bxe2 15. Qxe2 Qh4 16. Rfb1 Nd5 17. Qd2 Nxe3 18. Qxe3 Kb8 19. a4 Rd4 20. c3 Rg4 21. h3 Rg6 22. a5 Qg5 23. Qxg5 Rxg5 24. d4 Rd8 25. f3 Rd6 26. Kf2 Rc6 27. Ra3 a6 28. Re1 Kc8 29. Re5 Rxe5 30. dxe5 Rc4 31. g3 Kd7 32. Ke3 c5 33. bxc5 Rxc5 34. f4 Rb5 35. c4 Rb2 36. h4 Rg2 37. Kd4 Kc6 38. Ke4 Rc2 39. Kd4 Rb2 40. Kc3 Rb1 41. Kd4 Rb4 42. f5 exf5 43. h5 Rb2 44. Rf3 g6 45. hxg6 hxg6 46. g4 Rd2+ 47. Ke3 Ra2 48. Kf4 fxg4 49. Kxg4 Rxa5 50. Rxf7 Rxe5 51. Rf6+ Kc5 52. Rxg6 Kxc4 53. Rb6 Re7 54. Kf4 Kc5 55. Rb1 b5 0-1

[Event "ROM-ch U14"]
[Site "Calimanesti"]
[Date "2018.03.28"]
[Round "2"]
[White "Vilcu, Matei Stefan"]
[Black "Mastalos, Iannis Mihai"]
[Result "0-1"]
[WhiteElo "2005"]
[BlackElo "1718"]
[PlyCount "62"]
[EventDate "2018.03.27"]
[EventType "swiss"]
[EventRounds "9"]
[EventCountry "ROU"]
[SourceTitle "CBM 183 Extra"]
[Source "ChessBase"]
[SourceDate "2018.04.19"]
[SourceVersion "1"]
[SourceVersionDate "2018.04.19"]
[SourceQuality "1"]

1. e4 d5 2. exd5 Nf6 3. d4 Bg4 4. f3 Bf5 5. Bb5+ Nbd7 6. c4 a6 7. Bxd7+ Qxd7 8. Ne2 e6 9. dxe6 Bb4+ 10. Nbc3 Bxe6 11. d5 Bf5 12. Be3 0-0 13. 0-0 Qe7 14. Bd4 Rfe8 15. Qd2 Rad8 16. Rfe1 Qd6 17. a3 Bc5 18. b4 Bxd4+ 19. Nxd4 Bg6 20. Nb3 Nh5 21. Nc5 Qf6 22. Nxb7 Ra8 23. c5 Nf4 24. Ne4 Bxe4 25. fxe4 Re5 26. Kh1 Rae8 27. d6 Rh5 28. d7 Rd8 29. g3 Rxd7 30. Qxd7 Rxh2+ 31. Kxh2 Qb2+ 0-1

[Event "EU-ch U12 27th"]
[Site "Mamaia"]
[Date "2017.09.05"]
[Round "1"]
[White "Mastalos, Iannis Mihai"]
[Black "Gombocz, Ferenc Jr"]
[Result "0-1"]
[WhiteElo "1691"]
[BlackElo "2106"]
[PlyCount "70"]
[EventDate "2017.09.05"]
[EventType "swiss"]
[EventRounds "9"]
[EventCountry "ROU"]
[SourceTitle "CBM 180 Extra"]
[Source "ChessBase"]
[SourceDate "2017.10.06"]
[SourceVersion "1"]
[SourceVersionDate "2017.10.06"]
[SourceQuality "1"]

1. e4 e5 2. Nf3 Nf6 3. d4 Nxe4 4. dxe5 d5 5. Nbd2 Nxd2 6. Qxd2 c5 7. Bb5+ Nc6 8. c4 Be6 9. Ng5 dxc4 10. Nxe6 fxe6 11. Bxc4 Qxd2+ 12. Bxd2 Kf7 13. f4 g6 14. 0-0 Rd8 15. Be3 Nd4 16. Rac1 Bh6 17. g4 Ke7 18. b4 b5 19. Bxd4 Rxd4 20. Bxb5 Rxf4 21. Rxf4 Bxf4 22. Rd1 Rb8 23. Rd7+ Kf8 24. a4 cxb4 25. Rxh7 Bxe5 26. Rh3 Kg7 27. Rb3 Bc3 28. Kg2 Rd8 29. h3 Rd1 30. Bc4 e5 31. Kf3 g5 32. a5 Kf6 33. a6 e4+ 34. Kf2 Ke5 35. Ke3 Rh1 0-1

[Event "ROM-ch U12"]
[Site "Baile Felix"]
[Date "2017.02.09"]
[Round "9"]
[White "Mainescu, Andrei Cristian"]
[Black "Mastalos, Iannis Mihai"]
[Result "0-1"]
[WhiteElo "1762"]
[BlackElo "1525"]
[PlyCount "62"]
[EventDate "2017.02.02"]
[EventType "swiss"]
[EventRounds "9"]
[EventCountry "ROU"]
[SourceTitle "CBM 176 Extra"]
[Source "ChessBase"]
[SourceDate "2017.03.02"]
[SourceVersion "1"]
[SourceVersionDate "2017.03.02"]
[SourceQuality "1"]

1. e4 d5 2. exd5 Qxd5 3. Nc3 Qa5 4. d4 Nf6 5. Nf3 Bf5 6. Bc4 e6 7. Bd2 Bb4 8. a3 Bxc3 9. Bxc3 Qb6 10. 0-0 Nc6 11. a4 a5 12. Qe1 0-0 13. Qe2 Bg4 14. Rad1 Rad8 15. Bd3 h6 16. h3 Bxf3 17. Qxf3 Nxd4 18. Qf4 c5 19. Rfe1 Rd5 20. Qe3 Rfd8 21. Bc4 Nxc2 22. Qf3 Nxe1 23. Rxe1 Rf5 24. Qe2 Nd5 25. g4 Nxc3 26. bxc3 Rf4 27. Bb5 Qd6 28. Kg2 c4 29. Qe3 Qd2 30. Rd1 Rxf2+ 31. Qxf2 Qxd1 0-1

[Event "ROM-ch U12"]
[Site "Baile Felix"]
[Date "2017.02.07"]
[Round "7"]
[White "Dobre, Radu Fabian"]
[Black "Mastalos, Iannis Mihai"]
[Result "1-0"]
[WhiteElo "1698"]
[BlackElo "1525"]
[PlyCount "37"]
[EventDate "2017.02.02"]
[EventType "swiss"]
[EventRounds "9"]
[EventCountry "ROU"]
[SourceTitle "CBM 176 Extra"]
[Source "ChessBase"]
[SourceDate "2017.03.02"]
[SourceVersion "1"]
[SourceVersionDate "2017.03.02"]
[SourceQuality "1"]

1. e4 d5 2. exd5 Qxd5 3. Nc3 Qa5 4. d4 Nf6 5. Nf3 Bf5 6. Ne5 c6 7. Bc4 e6 8. g4 Be4 9. 0-0 Bg6 10. Qf3 Nbd7 11. Re1 Be7 12. Bg5 0-0-0 13. Nxc6 Qxg5 14. Qg3 Rde8 15. Nb5 Ne5 16. Nxe5 Ne4 17. Rxe4 Bxe4 18. Nxa7+ Kd8 19. Nxf7+ 1-0

[Event "ROM-ch U12"]
[Site "Baile Felix"]
[Date "2017.02.05"]
[Round "4"]
[White "Mastalos, Iannis Mihai"]
[Black "Antonica, Dragos Andrei"]
[Result "0-1"]
[WhiteElo "1525"]
[BlackElo "2029"]
[PlyCount "48"]
[EventDate "2017.02.02"]
[EventType "swiss"]
[EventRounds "9"]
[EventCountry "ROU"]
[SourceTitle "CBM 176 Extra"]
[Source "ChessBase"]
[SourceDate "2017.03.02"]
[SourceVersion "1"]
[SourceVersionDate "2017.03.02"]
[SourceQuality "1"]

1. e4 c5 2. Nf3 Nc6 3. d4 cxd4 4. Nxd4 e5 5. Nb5 a6 6. N5c3 Bc5 7. Bc4 d6 8. 0-0 Nge7 9. Nd2 b5 10. Bb3 0-0 11. h3 Nd4 12. Bd5 Nxd5 13. Nxd5 Bb7 14. c3 Ne6 15. Nf3 Kh8 16. h4 h6 17. g3 f5 18. exf5 Rxf5 19. g4 Rxf3 20. Qxf3 Qxh4 21. Nf4 Nxf4 22. Qxb7 Qxg4+ 23. Kh1 Qh3+ 24. Kg1 Ne2# 0-1

[Event "ROM-ch U12"]
[Site "Baile Felix"]
[Date "2017.02.02"]
[Round "1"]
[White "Mastalos, Iannis Mihai"]
[Black "Bordei, Rares Gabriel"]
[Result "1-0"]
[WhiteElo "1525"]
[BlackElo "1219"]
[PlyCount "87"]
[EventDate "2017.02.02"]
[EventType "swiss"]
[EventRounds "9"]
[EventCountry "ROU"]
[SourceTitle "CBM 176 Extra"]
[Source "ChessBase"]
[SourceDate "2017.03.02"]
[SourceVersion "1"]
[SourceVersionDate "2017.03.02"]
[SourceQuality "1"]

1. e4 d5 2. exd5 Qxd5 3. Nc3 Qa5 4. Bc4 Nf6 5. d3 c6 6. Bd2 Qc7 7. Qe2 Bf5 8. f3 e6 9. g4 Bg6 10. f4 Be7 11. h3 Nbd7 12. Nf3 0-0-0 13. 0-0-0 Bd6 14. Qe3 Kb8 15. Rde1 Rc8 16. Ng5 Nd5 17. Bxd5 cxd5 18. f5 exf5 19. gxf5 Bxf5 20. Nxf7 Rhf8 21. Nxd6 Qxd6 22. Qxa7+ Kxa7 23. Nb5+ Kb8 24. Nxd6 Rc6 25. Nxf5 Rxf5 26. Re7 Ne5 27. Rxe5 Rxe5 28. Bf4 Rce6 29. Re1 Kc8 30. Rxe5 Rxe5 31. Bxe5 g6 32. Kd2 Kd7 33. Kc3 Kc6 34. Kb4 b6 35. c4 dxc4 36. dxc4 h6 37. h4 g5 38. hxg5 hxg5 39. Bg3 g4 40. a4 Kb7 41. Kb5 Ka7 42. a5 bxa5 43. Kxa5 Kb7 44. b4 1-0

[Event "ROM-ch U12"]
[Site "Calimanesti Caciulata"]
[Date "2016.04.25"]
[Round "9"]
[White "Antal, Andrei"]
[Black "Mastalos, Iannis Mihai"]
[Result "0-1"]
[WhiteElo "1312"]
[BlackElo "1633"]
[PlyCount "66"]
[EventDate "2016.04.18"]
[EventType "swiss"]
[EventRounds "9"]
[EventCountry "ROU"]
[SourceTitle "EXT 2017"]
[Source "ChessBase"]
[SourceDate "2016.10.25"]
[SourceVersion "1"]
[SourceVersionDate "2016.10.25"]
[SourceQuality "1"]

1. d4 d5 2. e3 Bf5 3. Bd3 Bxd3 4. Qxd3 Nc6 5. Nf3 Nf6 6. Nbd2 g6 7. b3 Bg7 8. Bb2 e6 9. a3 0-0 10. 0-0 Nd7 11. Rac1 e5 12. dxe5 Ndxe5 13. Nxe5 Nxe5 14. Bxe5 Bxe5 15. Rfe1 Bb2 16. Rcd1 Bxa3 17. Nb1 Bb4 18. c3 Bd6 19. Qxd5 Qh4 20. g3 Qg4 21. Qxb7 Rab8 22. Qd5 h5 23. b4 h4 24. Qd4 Qxd4 25. Rxd4 hxg3 26. fxg3 Rfe8 27. Kf2 Red8 28. Nd2 Rb5 29. Nc4 Rf5+ 30. Kg2 Kg7 31. Nxd6 Rxd6 32. Rf1 Rh5 33. Rdd1 Rc6 0-1

[Event "ROM-ch U12"]
[Site "Calimanesti Caciulata"]
[Date "2016.04.20"]
[Round "3"]
[White "Ungureanu, David Mihai"]
[Black "Mastalos, Iannis Mihai"]
[Result "0-1"]
[WhiteElo "1271"]
[BlackElo "1633"]
[PlyCount "92"]
[EventDate "2016.04.18"]
[EventType "swiss"]
[EventRounds "9"]
[EventCountry "ROU"]
[SourceTitle "CBM 172 Extra"]
[Source "ChessBase"]
[SourceDate "2016.06.21"]
[SourceVersion "1"]
[SourceVersionDate "2016.06.21"]
[SourceQuality "1"]

1. d4 d5 2. Nf3 Nf6 3. e3 Bf5 4. Bd3 Bxd3 5. Qxd3 e6 6. Qb5+ Nbd7 7. Qxb7 Bd6 8. Qb5 Rb8 9. Qd3 0-0 10. 0-0 Qe7 11. Nbd2 c5 12. c3 e5 13. e4 exd4 14. exd5 Ne5 15. Qf5 dxc3 16. bxc3 Rfe8 17. c4 h6 18. h3 Qc7 19. Ba3 Qa5 20. Nxe5 Bxe5 21. Qd3 Qc3 22. Qxc3 Bxc3 23. Rad1 Bb4 24. Bb2 Nh5 25. Nf3 Re2 26. Rb1 Rbe8 27. a3 Ba5 28. Rfc1 Nf4 29. Rd1 Rc2 30. Rdc1 Ne2+ 31. Kh2 Nxc1 32. Bxc1 Bc7+ 33. Kg1 Ree2 34. Be3 Rxc4 35. Rb7 Bf4 36. Bxf4 Rxf4 37. d6 Kf8 38. Rc7 Ke8 39. d7+ Kd8 40. Rxa7 c4 41. Ra4 Kxd7 42. Rb4 Rfe4 43. a4 c3 44. Rb1 c2 45. Rc1 Rxa4 46. h4 Rb4 0-1

[Event "ROM-ch U12"]
[Site "Calimanesti Caciulata"]
[Date "2016.04.18"]
[Round "1"]
[White "Danila, Stefan"]
[Black "Mastalos, Iannis Mihai"]
[Result "1-0"]
[WhiteElo "1161"]
[BlackElo "1633"]
[PlyCount "143"]
[EventDate "2016.04.18"]
[EventType "swiss"]
[EventRounds "9"]
[EventCountry "ROU"]
[SourceTitle "CBM 172 Extra"]
[Source "ChessBase"]
[SourceDate "2016.06.21"]
[SourceVersion "1"]
[SourceVersionDate "2016.06.21"]
[SourceQuality "1"]

1. d4 d5 2. Nf3 Nf6 3. Bf4 Bf5 4. c3 e6 5. Nbd2 Nbd7 6. e3 c5 7. Bb5 a6 8. Ba4 b5 9. Bc2 Bxc2 10. Qxc2 Be7 11. 0-0 0-0 12. Ne5 Rc8 13. Ndf3 Nxe5 14. Bxe5 Qb6 15. Ng5 g6 16. Qd2 Nd7 17. Bf4 Bf6 18. Nf3 Bg7 19. h3 Nf6 20. Be5 Ne4 21. Qd3 f6 22. Bh2 Rc6 23. Nd2 Nxd2 24. Qxd2 Rfc8 25. Rfe1 b4 26. Rac1 Qa5 27. dxc5 bxc3 28. Rxc3 f5 29. Rc2 Qxd2 30. Rxd2 Rxc5 31. Bg3 Rc2 32. Red1 Bxb2 33. Kf1 Kf7 34. Ke2 Kf6 35. Rxc2 Rxc2+ 36. Kd3 Rc3+ 37. Kd2 Ra3 38. Ke2 Bc3 39. Rc1 Rxa2+ 40. Kd3 Be5 41. f4 Bd6 42. Bh4+ Kf7 43. Rc6 Bb8 44. Rb6 Bxf4 45. exf4 Rxg2 46. Rxa6 Rh2 47. Ra7+ Kf8 48. Be7+ Ke8 49. h4 h6 50. Kd4 Re2 51. Bd6 Rg2 52. Ke5 Re2+ 53. Kf6 d4 54. Kxg6 d3 55. Ra1 Kd7 56. Be5 d2 57. Rd1 Kc6 58. Bc3 Rg2+ 59. Kxh6 Rg4 60. h5 Rxf4 61. Rxd2 Rg4 62. Kh7 f4 63. h6 f3 64. Kh8 Rf4 65. Rf2 Kd7 66. h7 Ke7 67. Kg7 Rg4+ 68. Kh6 Rh4+ 69. Kg6 Rg4+ 70. Kh5 Rg1 71. h8Q Rh1+ 72. Kg4 1-0

[Event "ROM-ch U10"]
[Site "Calimanesti"]
[Date "2015.04.04"]
[Round "7"]
[White "Metehau, Luca Mihnea"]
[Black "Mastalos, Iannis Mihai"]
[Result "1-0"]
[WhiteElo "1739"]
[BlackElo "1585"]
[PlyCount "67"]
[EventDate "2015.03.30"]
[EventType "swiss"]
[EventRounds "9"]
[EventCountry "ROU"]
[SourceTitle "CBM 165 Extra"]
[Source "ChessBase"]
[SourceDate "2015.04.21"]
[SourceVersion "1"]
[SourceVersionDate "2015.04.21"]
[SourceQuality "1"]

1. e4 d5 2. exd5 Qxd5 3. Nc3 Qa5 4. d4 Nf6 5. Bc4 Bf5 6. Nf3 e6 7. 0-0 Bb4 8. Bd2 0-0 9. a3 Bxc3 10. Bxc3 Qb6 11. Qe2 Nc6 12. Rfe1 Bg4 13. Qe3 Bxf3 14. gxf3 Nd5 15. Qe4 Nxc3 16. bxc3 Ne7 17. Bd3 Ng6 18. Rab1 Qa5 19. Rb5 Qxc3 20. Rc5 Qxa3 21. h4 Rfe8 22. h5 f5 23. Qxb7 Rab8 24. Qxc7 Qb4 25. c3 Qb2 26. hxg6 Qd2 27. gxh7+ Kxh7 28. Re3 Rb2 29. Be2 Rb1+ 30. Kg2 Re1 31. Qf7 Qc1 32. Qh5+ Kg8 33. Qxe8+ Kh7 34. Qh5+ 1-0

[Event "ROM-ch U10"]
[Site "Calimanesti"]
[Date "2015.04.02"]
[Round "4"]
[White "Creanga, Robert Ionut"]
[Black "Mastalos, Iannis Mihai"]
[Result "0-1"]
[WhiteElo "1434"]
[BlackElo "1585"]
[PlyCount "100"]
[EventDate "2015.03.30"]
[EventType "swiss"]
[EventRounds "9"]
[EventCountry "ROU"]
[SourceTitle "CBM 165 Extra"]
[Source "ChessBase"]
[SourceDate "2015.04.21"]
[SourceVersion "1"]
[SourceVersionDate "2015.04.21"]
[SourceQuality "1"]

1. e4 d5 2. exd5 Nf6 3. Bb5+ Nbd7 4. d4 a6 5. Be2 Nxd5 6. Nf3 e6 7. 0-0 Be7 8. c4 N5f6 9. Nc3 0-0 10. Bf4 b6 11. Ne5 Nxe5 12. Bxe5 Bd6 13. Bf3 Rb8 14. Bxf6 Qxf6 15. Ne4 Qh6 16. Nxd6 cxd6 17. Qc1 Qxc1 18. Raxc1 Bb7 19. Bxb7 Rxb7 20. Rc2 h6 21. h3 Rfb8 22. Rfc1 g6 23. b3 Kg7 24. Kf1 Kf6 25. Rc3 Rc8 26. Ke2 Rbc7 27. Kd3 a5 28. a3 d5 29. b4 axb4 30. axb4 Rc6 31. b5 dxc4+ 32. Rxc4 Rxc4 33. Rxc4 Rxc4 34. Kxc4 Ke7 35. g4 f6 36. f4 Kd6 37. h4 h5 38. gxh5 gxh5 39. f5 exf5 40. Kd3 Kd5 41. Ke3 Kc4 42. Kf4 Kxb5 43. Kxf5 Kc4 44. Kg6 b5 45. Kxh5 b4 46. d5 Kxd5 47. Kg6 b3 48. Kxf6 b2 49. h5 b1Q 50. h6 Qh7 0-1

[Event "ROM-ch U10"]
[Site "Calimanesti"]
[Date "2015.04.01"]
[Round "3"]
[White "Mastalos, Iannis Mihai"]
[Black "Antonica, Dragos Andrei"]
[Result "1/2-1/2"]
[WhiteElo "1585"]
[BlackElo "1707"]
[PlyCount "58"]
[EventDate "2015.03.30"]
[EventType "swiss"]
[EventRounds "9"]
[EventCountry "ROU"]
[SourceTitle "CBM 165 Extra"]
[Source "ChessBase"]
[SourceDate "2015.04.21"]
[SourceVersion "1"]
[SourceVersionDate "2015.04.21"]
[SourceQuality "1"]

1. e4 e6 2. d4 d5 3. Nd2 Nd7 4. e5 c5 5. c3 Qc7 6. Bd3 Ne7 7. Ne2 b6 8. 0-0 Bb7 9. f4 g6 10. Nf3 0-0-0 11. Bd2 h6 12. Rc1 c4 13. Bc2 Nf5 14. b4 b5 15. a4 a6 16. axb5 axb5 17. Ra1 Nb6 18. Ra5 Qc6 19. Qa1 Kc7 20. Qb2 Be7 21. Rfa1 h5 22. Ng5 Bxg5 23. fxg5 Nd7 24. R1a2 Qb6 25. Qa1 Ne7 26. Qf1 Rhf8 27. R5a3 Nc6 28. Bf4 Kc8 29. Qf2 Qc7 1/2-1/2

[Event "ROM-ch U10"]
[Site "Calimanesti"]
[Date "2015.03.31"]
[Round "2"]
[White "Mastalos, Iannis Mihai"]
[Black "Bunghez, Matei"]
[Result "1-0"]
[WhiteElo "1585"]
[BlackElo "1187"]
[PlyCount "47"]
[EventDate "2015.03.30"]
[EventType "swiss"]
[EventRounds "9"]
[EventCountry "ROU"]
[SourceTitle "CBM 165 Extra"]
[Source "ChessBase"]
[SourceDate "2015.04.21"]
[SourceVersion "1"]
[SourceVersionDate "2015.04.21"]
[SourceQuality "1"]

1. e4 e5 2. Nf3 Nc6 3. d4 exd4 4. Nxd4 Nxd4 5. Qxd4 Nf6 6. Bg5 Be7 7. Bc4 c5 8. Qd3 h6 9. Bh4 a6 10. a4 Qa5+ 11. Nd2 0-0 12. 0-0 d6 13. f4 Nd5 14. Bxe7 Nxe7 15. Qxd6 Rd8 16. Qxe7 Qxd2 17. Qxf7+ Kh8 18. Rad1 Qe3+ 19. Kh1 Bg4 20. Rxd8+ Rxd8 21. f5 Qxe4 22. f6 gxf6 23. Qxf6+ Kh7 24. Bd3 1-0

[Event "ROM-ch U10"]
[Site "Calimanesti"]
[Date "2014.04.13"]
[Round "9"]
[White "Antonica, Dragos Andrei"]
[Black "Mastalos, Iannis Mihai"]
[Result "1-0"]
[WhiteElo "1541"]
[BlackElo "1590"]
[PlyCount "81"]
[EventDate "2014.04.06"]
[EventType "swiss"]
[EventRounds "9"]
[EventCountry "ROU"]
[SourceTitle "CBM 160 Extra"]
[Source "ChessBase"]
[SourceDate "2014.07.01"]
[SourceVersion "1"]
[SourceVersionDate "2014.07.01"]
[SourceQuality "1"]

1. Nf3 d5 2. d4 c6 3. g3 Nf6 4. Bg2 Bf5 5. 0-0 e6 6. b3 Nbd7 7. Bb2 Be7 8. Nbd2 Ne4 9. Nxe4 Bxe4 10. e3 0-0 11. Nd2 Bxg2 12. Kxg2 a5 13. c4 Nf6 14. c5 h6 15. Qc2 Qc7 16. Rac1 Rfc8 17. a3 Qd7 18. b4 axb4 19. axb4 Ra7 20. Ra1 Rca8 21. Rxa7 Rxa7 22. Nb3 Qc7 23. Bc3 b6 24. Qb2 Ne4 25. f3 Nxc3 26. Qxc3 bxc5 27. bxc5 h5 28. Ra1 Rxa1 29. Qxa1 Bd8 30. Qa8 Kh7 31. f4 f5 32. Nd2 Bf6 33. Nf3 g6 34. Ne5 Bxe5 35. fxe5 Qd7 36. Qb8 Kg7 37. Qd6 Qxd6 38. cxd6 Kf7 39. Kf3 g5 40. h4 g4+ 41. Kf4 1-0

[Event "ROM-ch U10"]
[Site "Calimanesti"]
[Date "2014.04.12"]
[Round "8"]
[White "Mastalos, Iannis Mihai"]
[Black "Vasiloiu, Adrian Mihai"]
[Result "1-0"]
[WhiteElo "1590"]
[BlackElo "1509"]
[PlyCount "91"]
[EventDate "2014.04.06"]
[EventType "swiss"]
[EventRounds "9"]
[EventCountry "ROU"]
[SourceTitle "CBM 160 Extra"]
[Source "ChessBase"]
[SourceDate "2014.07.01"]
[SourceVersion "1"]
[SourceVersionDate "2014.07.01"]
[SourceQuality "1"]

1. e4 c6 2. d4 d5 3. e5 Bf5 4. Nf3 e6 5. Be3 Qb6 6. b3 c5 7. c3 Nc6 8. Be2 Bg6 9. 0-0 Nh6 10. Nbd2 Nf5 11. dxc5 Bxc5 12. Bf4 0-0 13. h4 h6 14. a4 a5 15. Bb5 Rfd8 16. Bxc6 bxc6 17. Qe2 Be7 18. g3 Bh5 19. Rfe1 d4 20. c4 Bb4 21. Rad1 d3 22. Qe4 Bc5 23. Rf1 Nd4 24. Nxd4 Rxd4 25. Qg2 Bxd1 26. Rxd1 Rd7 27. g4 Be7 28. g5 Kh7 29. Qe4+ g6 30. gxh6 Bxh4 31. Be3 Qd8 32. Nf3 Be7 33. Qxc6 Rb8 34. Kh2 Rc7 35. Qe4 Rxb3 36. Rg1 Rc3 37. Ng5+ Bxg5 38. Bxg5 Qg8 39. Qf3 R7xc4 40. Qf6 Rxa4 41. Rh1 Rc7 42. Kg3 Qh8 43. Qg7+ Qxg7 44. hxg7+ Kxg7 45. Bf6+ Kg8 46. Rh8# 1-0

[Event "ROM-ch U08"]
[Site "Calimanesti"]
[Date "2013.04.07"]
[Round "8"]
[White "Mastalos, Iannis Mihai"]
[Black "Adascalitei, Stefan Alexandru"]
[Result "1-0"]
[WhiteElo "1685"]
[BlackElo "1094"]
[PlyCount "29"]
[EventDate "2013.04.02"]
[EventType "swiss"]
[EventRounds "9"]
[EventCountry "ROU"]
[SourceTitle "CBM 153 Extra"]
[Source "ChessBase"]
[SourceDate "2013.04.22"]
[SourceVersion "1"]
[SourceVersionDate "2013.04.22"]
[SourceQuality "1"]

1. e4 e5 2. Nf3 d6 3. c3 Nd7 4. d4 exd4 5. cxd4 g6 6. Nc3 Bg7 7. Bc4 Ngf6 8. Bf4 0-0 9. 0-0 c6 10. Bxd6 Re8 11. Bxf7+ Kxf7 12. Qb3+ Re6 13. Ng5+ Ke8 14. Qxe6+ Qe7 15. Qxe7# 1-0

[Event "ROM-ch U08"]
[Site "Calimanesti"]
[Date "2013.04.06"]
[Round "7"]
[White "Ardeleanu Chirica, Matei"]
[Black "Mastalos, Iannis Mihai"]
[Result "0-1"]
[WhiteElo "1026"]
[BlackElo "1685"]
[PlyCount "44"]
[EventDate "2013.04.02"]
[EventType "swiss"]
[EventRounds "9"]
[EventCountry "ROU"]
[SourceTitle "CBM 153 Extra"]
[Source "ChessBase"]
[SourceDate "2013.04.22"]
[SourceVersion "1"]
[SourceVersionDate "2013.04.22"]
[SourceQuality "1"]

1. e4 d5 2. exd5 Nf6 3. d4 Bg4 4. Bb5+ Nbd7 5. Be2 Bxe2 6. Nxe2 Nxd5 7. c4 N5f6 8. Qb3 b6 9. Bf4 e6 10. Nbc3 Bd6 11. 0-0 0-0 12. Rfe1 Bxf4 13. Nxf4 c5 14. Rad1 Qc7 15. a4 Qxf4 16. d5 exd5 17. Nxd5 Nxd5 18. Rxd5 Nf6 19. g3 Qh6 20. Rde5 Ng4 21. R5e4 Qxh2+ 22. Kf1 Qxf2# 0-1

[Event "ROM-ch U08"]
[Site "Calimanesti"]
[Date "2013.04.05"]
[Round "5"]
[White "Birtalan, Tamas"]
[Black "Mastalos, Iannis Mihai"]
[Result "0-1"]
[WhiteElo "1082"]
[BlackElo "1685"]
[PlyCount "62"]
[EventDate "2013.04.02"]
[EventType "swiss"]
[EventRounds "9"]
[EventCountry "ROU"]
[SourceTitle "CBM 153 Extra"]
[Source "ChessBase"]
[SourceDate "2013.04.22"]
[SourceVersion "1"]
[SourceVersionDate "2013.04.22"]
[SourceQuality "1"]

1. e4 d5 2. exd5 Nf6 3. Nc3 Nxd5 4. Nxd5 Qxd5 5. Nf3 Nc6 6. Be2 Bf5 7. 0-0 e6 8. d3 Bc5 9. Be3 Bb6 10. Bxb6 axb6 11. a3 0-0-0 12. Ng5 Qd7 13. Bh5 g6 14. Bg4 Bxg4 15. Qxg4 h6 16. Nf3 f5 17. Qxg6 Rdg8 18. Qf6 Rh7 19. d4 Rhg7 20. g3 Rg6 21. Qh4 Qd5 22. Qf4 Rg4 23. Qe3 f4 24. Qb3 Qf5 25. Qd3 Qf7 26. Kh1 Qh5 27. Nh4 Qg5 28. Qe4 fxg3 29. Qxe6+ Kb8 30. hxg3 Rxh4+ 31. gxh4 Qg2# 0-1

[Event "ROM-ch U08"]
[Site "Calimanesti"]
[Date "2013.04.03"]
[Round "2"]
[White "Mastalos, Iannis Mihai"]
[Black "Craciun, Cristian Gabriel"]
[Result "0-1"]
[WhiteElo "1685"]
[BlackElo "1192"]
[PlyCount "52"]
[EventDate "2013.04.02"]
[EventType "swiss"]
[EventRounds "9"]
[EventCountry "ROU"]
[SourceTitle "CBM 153 Extra"]
[Source "ChessBase"]
[SourceDate "2013.04.22"]
[SourceVersion "1"]
[SourceVersionDate "2013.04.22"]
[SourceQuality "1"]

1. e4 e5 2. Nf3 d5 3. exd5 e4 4. Ng1 Qxd5 5. Nc3 Qe6 6. b3 Nc6 7. Bb2 Bd7 8. Bc4 Qg6 9. g3 Bg4 10. Be2 Nf6 11. h3 Bxe2 12. Ngxe2 0-0-0 13. Nf4 Qf5 14. Nce2 Bc5 15. g4 Qg5 16. c3 Qh4 17. Rf1 e3 18. Nd4 Nxd4 19. cxd4 Bxd4 20. Bxd4 Rxd4 21. Ng2 exf2+ 22. Rxf2 Re8+ 23. Kf1 Qxh3 24. Kg1 Nxg4 25. Rf4 Qh2+ 26. Kf1 Qh1# 0-1